Sistema constructivo biomimético a partir de la exploración con materiales. Propuesta de diseño de prototipos de educación, recreación y vivienda que respondan ante el aumento del nivel del mar en el barrio El Cocal, Puntarenas.
Gespeichert in:
| 1. Verfasser: | |
|---|---|
| Weitere Verfasser: | , , |
| Format: | Buch |
| Sprache: | Spanish |
| Veröffentlicht: |
[San Jose, Costa Rica]
2021
|
| Schlagworte: |
BIOMIMETICA
> ARQUITECTURA - ASPECTOS AMBIENTALES -BARRIO COCAL (PUNTARENAS, COSTA RICA)
> BIOMIMETICA - BARRIO COCAL (PUNTARENAS, COSTA RICA)
> BARRIO COCAL(PUNTARENAS, COSTA RICA) - CONDICIONES ECONOMICAS
> DISEÑO ARQUITECTONICO
> ESPACIO (ARQUITECTURA)
> ARQUITECTURA - BARRIO COCAL (PUNTARENAS, COSTA RICA) - DISEÑOS Y PLANOS
> BARRIO COCAL (PUNTARENAS, COSTA RICA) - CONDICIONES SOCIALES
|
| Tags: |
Tag hinzufügen
Keine Tags, Fügen Sie den ersten Tag hinzu!
|
MARC
| LEADER | 00000nam a2200000Ia 4500 | ||
|---|---|---|---|
| 003 | 013483 | ||
| 005 | 20230331100506.0 | ||
| 008 | 140116s2021 cr a 000 ||spa d | ||
| 040 | |c cru CEDI | ||
| 100 | |a Arce Chagnon, Camila , 1997- |9 286 | ||
| 245 | |a Sistema constructivo biomimético a partir de la exploración con materiales. Propuesta de diseño de prototipos de educación, recreación y vivienda que respondan ante el aumento del nivel del mar en el barrio El Cocal, Puntarenas. | ||
| 260 | |a [San Jose, Costa Rica] |c 2021 | ||
| 500 | |a Seminario de graduación (licenciatura en arquitectura)--Universidad de Costa Rica. Facultad de Ingeniería. Escuela de Arquitectura | ||
| 501 | |a Director de Seminario de Graduación: M.Sc. Omar Quesada Arias | ||
| 650 | |x BIOMIMETICA |x ARQUITECTURA - ASPECTOS AMBIENTALES -BARRIO COCAL (PUNTARENAS, COSTA RICA) |x BIOMIMETICA - BARRIO COCAL (PUNTARENAS, COSTA RICA) |x BARRIO COCAL(PUNTARENAS, COSTA RICA) - CONDICIONES ECONOMICAS |x DISEÑO ARQUITECTONICO |x ESPACIO (ARQUITECTURA) |x ARQUITECTURA - BARRIO COCAL (PUNTARENAS, COSTA RICA) - DISEÑOS Y PLANOS |x BARRIO COCAL (PUNTARENAS, COSTA RICA) - CONDICIONES SOCIALES | ||
| 700 | |9 287 |a Rockbrand Campos, David,1997- | ||
| 700 | |9 288 |a Saldarriaga Torres, Valeria, 1996- | ||
| 700 | |9 247 |a Quesada Arias, Omar, 1985- |d Director del TFG | ||
| 942 | |c CEDI |h TFG 8634 |6 TFG_8634_000000000000000 | ||
| 999 | |c 21985 |d 21985 | ||
